Nghiên cứu ứng dụng bảng so màu lá để xác định thời kỳ và liều lượng bón phân đạm hợp lý cho lúa ở Đồng bằng sông Cửu Long ( 1998 - 2000 ) Báo cáo tổng kết

Na minha lista:
Detalhes bibliográficos
Autor principal: Nguyễn, Ngọc Đệ
Nhiều tác giả của công ty: Trường Đại học Cần Thơ, Viện Nghiên cứu và Phát triển hệ thống canh tác. Bộ môn nghiên cứu lúa
Formato: Livro
Idioma:Undetermined
Publicado em: Cần Thơ Đại học Cần Thơ 2001
Assuntos:
Tags: Adicionar Tag
Sem tags, seja o primeiro a adicionar uma tag!
Thư viện lưu trữ: Trung tâm Học liệu Trường Đại học Cần Thơ
LEADER 00985nam a2200229Ia 4500
001 CTU_129774
008 210402s9999 xx 000 0 und d
082 |a 633.18 
082 |b Đ250 
100 |a Nguyễn, Ngọc Đệ 
110 |a Trường Đại học Cần Thơ 
110 |b Viện Nghiên cứu và Phát triển hệ thống canh tác. Bộ môn nghiên cứu lúa 
245 0 |a Nghiên cứu ứng dụng bảng so màu lá để xác định thời kỳ và liều lượng bón phân đạm hợp lý cho lúa ở Đồng bằng sông Cửu Long ( 1998 - 2000 ) 
245 0 |b Báo cáo tổng kết 
245 0 |c Chủ nhiệm đề tài: Nguyễn Ngọc Đệ 
260 |a Cần Thơ 
260 |b Đại học Cần Thơ 
260 |c 2001 
650 |a Rice,Field crops 
650 |x Research 
904 |i Giang 
980 |a Trung tâm Học liệu Trường Đại học Cần Thơ